Proceedings of the Conference on Differential Geometry and its Applications : Nové Město na Moravě, September 5-9, 1983. Part 1, Differential Geometry /

Další autoři: Kowalski, Oldřich, 1936-2021
Jazyk: Francouzština
Angličtina
Vydáno: Prague : Charles University, 1984
Fyzický popis: 178 s.
Language note: Souběžný francouzský text
Knihy
Uloženo v:
LEADER 00902nam a22002532a 4500
001 001098561
003 CZ BrMZK
005 20101007103059.0
007 ta
008 100525s1984 xr er|||||||||||eng d
015 |a cnb000013805 
040 |a BOA001  |b cze 
041 1 |a eng  |a fre 
245 0 0 |a Proceedings of the Conference on Differential Geometry and its Applications :  |b Nové Město na Moravě, September 5-9, 1983.  |n Part 1,  |p Differential Geometry /  |c edited by Oldřich Kowalski 
246 3 0 |a Differential Geometry 
260 |a Prague :  |b Charles University,  |c 1984 
300 |a 178 s. 
504 |a Obsahuje bibliografii 
546 |a Souběžný francouzský text 
700 1 |a Kowalski, Oldřich,  |d 1936-2021  |7 jk01062536  |4 edt 
910 |a BOA001  |b 2-0880.499,1 
990 |a BK 
991 |b 201005 
996 6 |b 2619381536  |c 2-0880.499,1  |l MZK  |r Sklad / do 1 hodiny  |n 0  |w 001124577  |u 000010  |a 1  |e BOA001  |j MZK50  |s P